The Van Gogh Cafe /

The Van Gogh Cafe, located in Flowers, Kansas, has magic in its walls, causing strange and mysterious events to occur there.

Bibliographic Details
Main Author: Rylant, Cynthia
Format: Book
Language:English
Published: San Diego : Harcourt Brace, [1995]
Edition:1st ed.
Subjects:

MARC

Tag First Indicator Second Indicator Subfields
LEADER 00000cam a22000008a 4500
001 in00001301621
005 20151005050741.0
008 941102s1995 cau j 000 1 eng
010 |a  94043348  
020 |a 0152008438 :  |c $14.00 ($21.00 Can.) 
035 |a (OCoLC)31657102 
035 |9 AHA4173AM 
040 |a DLC  |c DLC  |d GBX  |d SLC  |d AKR  |d TXA  |d UtOrBLW 
049 |a TXAM 
050 0 0 |a PZ7.R982  |b Van 1995 
082 0 0 |a [Fic]  |2 20 
100 1 |a Rylant, Cynthia. 
245 1 4 |a The Van Gogh Cafe /  |c Cynthia Rylant. 
250 |a 1st ed. 
263 |a 9505 
264 1 |a San Diego :  |b Harcourt Brace,  |c [1995] 
264 4 |c ©1995 
300 |a 53 pages :  |b illustrations ;  |c 22 cm. 
336 |a text  |b txt  |2 rdacontent 
337 |a unmediated  |b n  |2 rdamedia 
338 |a volume  |b nc  |2 rdacarrier 
520 |a The Van Gogh Cafe, located in Flowers, Kansas, has magic in its walls, causing strange and mysterious events to occur there. 
650 1 |a Restaurants  |x Fiction. 
650 1 |a Magic  |x Fiction. 
650 0 |a Restaurants  |x Juvenile fiction. 
650 0 |a Magic  |v Juvenile fiction. 
999 |a MARS 
999 f f |s 1f748b71-6321-366d-9c75-c7eddb2baacc  |i 9437c497-7293-3d62-b2f0-9c5bb9deedf4  |t 0 
952 f f |p normal  |a Texas A&M University  |b College Station  |c Sterling C. Evans Library  |d Evans: Curriculum Collection (4th floor)  |t 0  |e PZ7.R982 Van 1995  |h Library of Congress classification  |i unmediated -- volume  |m A14820012799 
998 f f |a PZ7.R982 Van 1995  |t 0  |l Evans: Curriculum Collection (4th floor)